Normal view
MARC view
- Abe, Shigeo
Entry Personal Name
001 - CONTROL NUMBER
- control field: 101028
003 - CONTROL NUMBER IDENTIFIER
- control field: NUST
005 - DATE AND TIME OF LATEST TRANSACTION
- control field: 20221020154208.0
008 - FIXED-LENGTH DATA ELEMENTS
- fixed length control field: 221020|| aca||aabn | a|a d
040 ## - CATALOGING SOURCE
- Original cataloging agency: NUST
- Transcribing agency: NUST
100 ## - HEADING--PERSONAL NAME
- Personal name: Abe, Shigeo
670 ## - SOURCE DATA FOUND
- Source citation: Work cat.: (NUST)175284: Abe, Shigeo,, Neural networks and fuzzy systems :, c1997.
